Jawetz, Melnick & Adelberg's medical microbiology / (Record no. 233393)

000 -LEADER
fixed length control field 00868pam a2200277 a 4500
001 - CONTROL NUMBER
control field 1051598
003 - CONTROL NUMBER IDENTIFIER
control field Nust
005 - DATE AND TIME OF LATEST TRANSACTION
control field 20170307124522.0
008 - FIXED-LENGTH DATA ELEMENTS--GENERAL INFORMATION
fixed length control field 900105s1991 paua b 001 0 eng c
010 ## - LIBRARY OF CONGRESS CONTROL NUMBER
LC control number 90005415
020 ## - INTERNATIONAL STANDARD BOOK NUMBER
International Standard Book Number 978-0-07-128735-7
040 ## - CATALOGING SOURCE
Transcribing agency ASAB
050 00 - LIBRARY OF CONGRESS CALL NUMBER
Classification number QR46
Item number .V64 1991
060 ## - NATIONAL LIBRARY OF MEDICINE CALL NUMBER
Classification number QW 4 E78
082 00 - DEWEY DECIMAL CLASSIFICATION NUMBER
Classification number 616/.01
Edition number 20
245 00 - TITLE STATEMENT
Title Jawetz, Melnick & Adelberg's medical microbiology /
Statement of responsibility, etc. Geo. F. Brooks... [et al.].
246 ## - VARYING FORM OF TITLE
Title proper/short title medical microbiology
250 ## - EDITION STATEMENT
Edition statement 24th ed.
Remainder of edition statement International edition
260 ## - PUBLICATION, DISTRIBUTION, ETC.
Place of publication, distribution, etc. New York :
Name of publisher, distributor, etc. Mc Graw Hill Publishers,
Date of publication, distribution, etc. c2007.
300 ## - PHYSICAL DESCRIPTION
Extent vii, 818 p. :
Other physical details ill. ;
Dimensions 26 cm.
504 ## - BIBLIOGRAPHY, ETC. NOTE
Bibliography, etc. note Includes bibliographical references.
650 #0 - SUBJECT ADDED ENTRY--TOPICAL TERM
Topical term or geographic name entry element Medical microbiology.
650 #2 - SUBJECT ADDED ENTRY--TOPICAL TERM
Topical term or geographic name entry element Microbiology.
700 1# - ADDED ENTRY--PERSONAL NAME
Personal name Volk, Wesley A.
906 ## - LOCAL DATA ELEMENT F, LDF (RLIN)
a 7
b cbc
c orignew
d 1
e ocip
f 19
g y-gencatlg
942 ## - ADDED ENTRY ELEMENTS (KOHA)
Source of classification or shelving scheme
Koha item type Book
Holdings
Withdrawn status Lost status Source of classification or shelving scheme Damaged status Not for loan Collection code Permanent Location Current Location Date acquired Total Checkouts Full call number Barcode Date last seen Date last checked out Price effective from Koha item type
            Atta-ur-Rahman School of Applied Biosciences (ASAB) Atta-ur-Rahman School of Applied Biosciences (ASAB) 03/07/2017 1 616.01 BRO ASAB525 01/16/2024 11/14/2023 03/07/2017 Book
© 2023 Central Library, National University of Sciences and Technology. All Rights Reserved.